000 00525nam a2200193Ia 4500
005 20250508151548.0
008 008 250505s9999 xx 000 0 eng d
037 _aTextual
040 _aFEDL
_beng
_cFEDL
041 _aeng
_2eng
084 _a155.45, TUC
_qFEDL
100 _aTucker Charlotte D.
_9759508
245 0 _aBetty lee
260 _aNew York, USA
_bThe Macmillan Company
_c1954
300 _ax,168p.
650 _aChild Psychology
942 _cTEXL
_h155.45, TUC
999 _c1330637
_d1330637